[Event "HUN-chT 2425"]
[Site "Hungary"]
[Date "2024.12.15"]
[Round "4.10"]
[White "Apro, Barnabas"]
[Black "Erdos, Boglarka"]
[Result "1-0"]
[WhiteElo "2112"]
[BlackElo "2115"]
[PlyCount "89"]
[EventDate "2024.11.02"]
[EventType "team-tourn"]
[EventRounds "9"]
[EventCountry "HUN"]
[SourceTitle "CB16_2025"]
[SourceDate "2025.04.16"]
[SourceVersion "1"]
[SourceVersionDate "2025.04.16"]
[SourceQuality "1"]
[WhiteTeam "Haladas"]
[BlackTeam "Biatorbagy"]
[WhiteTeamCountry "HUN"]
[BlackTeamCountry "HUN"]

1. e4 e5 2. Nf3 Nc6 3. Bc4 Bc5 4. c3 Nf6 5. d3 d6 6. Nbd2 a6 7. Bb3 Ba7 8. h3 h6 9. Nf1 Ne7 10. Ng3 Ng6 11. 0-0 0-0 12. d4 exd4 13. cxd4 d5 14. e5 Ne4 15. Bc2 c5 16. Be3 cxd4 17. Bxd4 Bxd4 18. Qxd4 Ng5 19. Nxg5 hxg5 20. Bxg6 fxg6 21. Rad1 Be6 22. Ne2 Rc8 23. Qd3 Qe8 24. Nd4 Rc5 25. Rc1 Rxc1 26. Rxc1 Qf7 27. Nxe6 Qxe6 28. Rd1 Qxe5 29. Qxd5+ Qxd5 30. Rxd5 Rf5 31. Rd8+ Rf8 32. Rxf8+ Kxf8 33. Kh2 Kf7 34. Kg3 Kf6 35. Kg4 b6 36. b4 a5 37. bxa5 bxa5 38. a4 Ke5 39. Kxg5 Kd4 40. Kxg6 Kc4 41. Kxg7 Kb4 42. f4 Kxa4 43. f5 Kb3 44. f6 a4 45. f7 1-0

[Event "HUN-chT 2425"]
[Site "Hungary"]
[Date "2024.12.14"]
[Round "3.10"]
[White "Karacsonyi, Kata"]
[Black "Apro, Barnabas"]
[Result "0-1"]
[WhiteElo "2239"]
[BlackElo "2112"]
[PlyCount "98"]
[EventDate "2024.11.02"]
[EventType "team-tourn"]
[EventRounds "9"]
[EventCountry "HUN"]
[SourceTitle "CB16_2025"]
[SourceDate "2025.04.16"]
[SourceVersion "1"]
[SourceVersionDate "2025.04.16"]
[SourceQuality "1"]
[WhiteTeam "Kobanya Aquarena"]
[BlackTeam "Haladas"]
[WhiteTeamCountry "HUN"]
[BlackTeamCountry "HUN"]

1. e4 c5 2. Nf3 Nc6 3. d4 cxd4 4. Nxd4 g6 5. c4 Nf6 6. Nc3 Bg7 7. Be3 d6 8. f3 0-0 9. Qd2 Bd7 10. Rc1 Nxd4 11. Bxd4 a5 12. b3 Bc6 13. Be2 Nd7 14. Be3 Nc5 15. h4 h5 16. g4 hxg4 17. h5 gxf3 18. Bxf3 Qd7 19. Bd4 Qe6 20. Bxg7 Kxg7 21. hxg6 fxg6 22. Qh6+ Kf7 23. Nd5 Bxd5 24. cxd5 Qf6 25. Qe3 Ke8 26. Be2 b6 27. Bb5+ Kd8 28. Ke2 Qb2+ 29. Kd1 Qxa2 30. e5 Qg2 31. Re1 Qxd5+ 32. Kc2 Rf3 33. Bc4 Rxe3 34. Bxd5 Rxe1 35. Rxe1 Rc8 36. exd6 Ne4+ 37. Kd3 Nxd6 38. Rg1 Rc5 39. Be6 g5 40. Rg4 Kc7 41. Rg1 Nb5 42. Re1 Kd6 43. Bc4 Nc7 44. Re4 b5 45. Bf7 e6 46. Bg8 Rf5 47. Rg4 Nd5 48. Re4 Re5 49. Rd4 Kc5 0-1

[Event "HUN-chT1 Charousek 2324"]
[Site "Hungary"]
[Date "2024.03.10"]
[Round "8.12"]
[White "Apro, Barnabas"]
[Black "Palla, Gyorgy"]
[Result "1-0"]
[WhiteElo "2006"]
[BlackElo "1981"]
[PlyCount "69"]
[EventDate "2023.10.08"]
[EventType "team-tourn"]
[EventRounds "11"]
[EventCountry "HUN"]
[SourceTitle "EXT 2025"]
[Source "ChessBase"]
[SourceDate "2024.10.14"]
[SourceVersion "1"]
[SourceVersionDate "2024.10.14"]
[SourceQuality "1"]
[WhiteTeam "Haladas Szombathely II"]
[BlackTeam "Balatonfuered"]
[WhiteTeamCountry "HUN"]
[BlackTeamCountry "HUN"]

1. e4 c5 2. Nf3 d6 3. Bb5+ Bd7 4. Bxd7+ Qxd7 5. c4 Nc6 6. Nc3 g6 7. 0-0 Bg7 8. d3 Nh6 9. h3 f5 10. Re1 0-0 11. Qe2 Nd4 12. Nxd4 cxd4 13. Nb5 f4 14. f3 e5 15. b4 a6 16. Na3 b5 17. Bd2 Nf7 18. Rec1 g5 19. c5 h5 20. Rc2 Rac8 21. Rac1 Nh6 22. Be1 g4 23. cxd6 Rxc2 24. Qxc2 gxf3 25. Qc6 Qxc6 26. Rxc6 fxg2 27. Bh4 f3 28. d7 Nf7 29. Rc8 Bh6 30. Nc2 Kg7 31. Rxf8 Kxf8 32. d8Q+ Nxd8 33. Bxd8 Kf7 34. Bh4 Kg6 35. Ne1 1-0

[Event "HUN-chT1 Charousek 2324"]
[Site "Hungary"]
[Date "2024.02.18"]
[Round "6.12"]
[White "Apro, Barnabas"]
[Black "Buri, Kata"]
[Result "1-0"]
[WhiteElo "2006"]
[BlackElo "1724"]
[PlyCount "139"]
[EventDate "2023.10.08"]
[EventType "team-tourn"]
[EventRounds "11"]
[EventCountry "HUN"]
[SourceTitle "EXT 2025"]
[Source "ChessBase"]
[SourceDate "2024.10.14"]
[SourceVersion "1"]
[SourceVersionDate "2024.10.14"]
[SourceQuality "1"]
[WhiteTeam "Haladas Szombathely II"]
[BlackTeam "Paks ASE II"]
[WhiteTeamCountry "HUN"]
[BlackTeamCountry "HUN"]

1. e4 c6 2. Nf3 d5 3. d3 e6 4. Nbd2 g6 5. g3 Bg7 6. Bg2 Ne7 7. 0-0 dxe4 8. dxe4 0-0 9. c3 Qc7 10. Qc2 b6 11. Rd1 Ba6 12. Nf1 Nd7 13. Bf4 Qc8 14. Bd6 Re8 15. Bh3 Qb7 16. Ne3 Rad8 17. Rd2 Nc8 18. Ba3 Nf6 19. Rad1 Rxd2 20. Nxd2 c5 21. Bg2 Qe7 22. Qa4 Be2 23. Re1 Bd3 24. f4 e5 25. Nd5 Qd8 26. Re3 b5 27. Qa6 c4 28. Nxf6+ Qxf6 29. Qxb5 Rd8 30. Qxe5 Qxe5 31. fxe5 Bxe5 32. Nf3 Bc7 33. Bc5 Bb6 34. Bd4 Nd6 35. Ne5 Bb1 36. Bxb6 axb6 37. Nc6 Re8 38. e5 Nf5 39. Re1 Bxa2 40. Nb4 Bb3 41. Nd5 Rd8 42. Kf2 b5 43. Re2 Kg7 44. Ke1 Ra8 45. Nc7 Ra1+ 46. Kf2 Ba4 47. Rd2 Ra2 48. Be4 b4 49. Nd5 b3 50. Nb6 Bb5 51. Bd5 Ne7 52. Bxc4 Bxc4 53. Nxc4 Nc6 54. Ke3 Ra4 55. Kd3 Kf8 56. Re2 Ke7 57. Nb6 Ra1 58. Kc4 Ra5 59. Nd5+ Ke6 60. Nf4+ Kf5 61. e6 fxe6 62. Nxe6 Ne5+ 63. Kb4 Ra6 64. Nd4+ Kf6 65. Kxb3 Rb6+ 66. Kc2 Nc4 67. b4 Ra6 68. Kb3 Ne5 69. b5 Rb6 70. Kb4 1-0

[Event "HUN-chT2 Szechenyi 2223"]
[Site "Hungary"]
[Date "2023.03.26"]
[Round "8.9"]
[White "Feher, Lajos"]
[Black "Apro, Barnabas"]
[Result "0-1"]
[WhiteElo "1514"]
[BlackElo "1976"]
[PlyCount "98"]
[EventDate "2022.11.20"]
[EventType "team-tourn"]
[EventRounds "9"]
[EventCountry "HUN"]
[SourceTitle "EXT 2025"]
[Source "ChessBase"]
[SourceDate "2024.10.14"]
[SourceVersion "1"]
[SourceVersionDate "2024.10.14"]
[SourceQuality "1"]
[WhiteTeam "Kisber Aszar"]
[BlackTeam "Csuti Baki Agrocentrum"]
[WhiteTeamCountry "HUN"]
[BlackTeamCountry "HUN"]

1. e4 c5 2. c3 Nf6 3. e5 Nd5 4. d4 cxd4 5. cxd4 d6 6. Nf3 Nc6 7. Bc4 dxe5 8. dxe5 Ndb4 9. Qb3 e6 10. 0-0 Bd7 11. Qd1 Na5 12. Be2 Nd5 13. Nbd2 Qc7 14. Ne4 Nc6 15. Bd2 Nxe5 16. Rc1 Nxf3+ 17. Bxf3 Bc6 18. Nc3 Nxc3 19. Bxc6+ bxc6 20. Bxc3 Bd6 21. h3 0-0 22. Qg4 Be5 23. Rfe1 Bxc3 24. Rxc3 Rab8 25. b3 Qa5 26. Rec1 Qxa2 27. Rg3 g6 28. h4 Rxb3 29. Qc4 Rb2 30. Qxc6 Rb1 31. h5 Rfb8 32. Rgc3 Rxc1+ 33. Rxc1 Qd5 34. Qxd5 exd5 35. h6 a5 36. Kf1 a4 37. Ke2 a3 38. Kd3 a2 39. Ra1 Ra8 40. Kc3 f5 41. Kb2 Kf7 42. Rxa2 Rxa2+ 43. Kxa2 Kf6 44. f4 g5 45. g3 gxf4 46. gxf4 Kg6 47. Kb3 Kxh6 48. Kc3 Kh5 49. Kd4 Kg4 0-1

[Event "HUN-chT1 Charousek 2223"]
[Site "Hungary"]
[Date "2023.02.12"]
[Round "5.11"]
[White "Apro, Barnabas"]
[Black "Kishazi, Istvan"]
[Result "1-0"]
[WhiteElo "1931"]
[BlackElo "1949"]
[PlyCount "73"]
[EventDate "2022.11.20"]
[EventType "team-tourn"]
[EventRounds "9"]
[EventCountry "HUN"]
[SourceTitle "EXT 2025"]
[Source "ChessBase"]
[SourceDate "2024.10.14"]
[SourceVersion "1"]
[SourceVersionDate "2024.10.14"]
[SourceQuality "1"]
[WhiteTeam "Csuti Hydro"]
[BlackTeam "Sentimento Ajka BSK II"]
[WhiteTeamCountry "HUN"]
[BlackTeamCountry "HUN"]

1. e4 g6 2. d4 Bg7 3. Nc3 e5 4. d5 d6 5. Be3 Nf6 6. f3 a6 7. a4 0-0 8. Qd2 Bd7 9. Bc4 Qe7 10. Nge2 Re8 11. g4 c6 12. g5 Nh5 13. a5 Kh8 14. Na4 cxd5 15. Nb6 Nc6 16. Nxd5 Qf8 17. Nc7 f5 18. gxf6 Bxf6 19. 0-0-0 Bh3 20. Nxe8 Rxe8 21. Ng3 Ng7 22. Qxd6 Qxd6 23. Rxd6 Be7 24. Rd2 Bb4 25. c3 Bxa5 26. Rhd1 b5 27. Bd5 Ne7 28. Bb7 b4 29. cxb4 Bc7 30. Bxa6 Be6 31. Kb1 Bb3 32. Rc1 Bb8 33. Bg5 Ng8 34. Rd8 Rxd8 35. Bxd8 Ba7 36. Bc4 Ba4 37. b5 1-0

[Event "HUN-chT1 Charousek 2223"]
[Site "Hungary"]
[Date "2023.01.29"]
[Round "4.12"]
[White "Apro, Barnabas"]
[Black "Nagy, Dorka"]
[Result "1-0"]
[WhiteElo "1928"]
[BlackElo "1082"]
[PlyCount "105"]
[EventDate "2022.11.20"]
[EventType "team-tourn"]
[EventRounds "9"]
[EventCountry "HUN"]
[SourceTitle "EXT 2025"]
[Source "ChessBase"]
[SourceDate "2024.10.14"]
[SourceVersion "1"]
[SourceVersionDate "2024.10.14"]
[SourceQuality "1"]
[WhiteTeam "Csuti Hydro"]
[BlackTeam "Tungsram ANSK II"]
[WhiteTeamCountry "HUN"]
[BlackTeamCountry "HUN"]

1. e4 c5 2. Nf3 d6 3. d4 cxd4 4. Nxd4 Nf6 5. Nc3 e6 6. Bc4 Be7 7. Be3 0-0 8. Qe2 a6 9. f3 Qc7 10. Bb3 e5 11. Nf5 Bxf5 12. exf5 Nc6 13. 0-0-0 b5 14. g4 h6 15. h4 b4 16. Nd5 Nxd5 17. Bxd5 Rac8 18. g5 Qa5 19. gxh6 Nd4 20. Bxd4 Qxd5 21. Kb1 exd4 22. Qxe7 Qxf5 23. Qe4 Qf6 24. hxg7 Kxg7 25. Rhg1+ Kh8 26. Qg4 Qh6 27. Qxd4+ Kh7 28. Qxd6 Qxd6 29. Rxd6 Rce8 30. Rxa6 Rg8 31. Rc1 Rg7 32. Rb6 Rg3 33. Rxb4 Rxf3 34. Rg4 Rfe3 35. b3 R3e4 36. Rxe4 Rxe4 37. Rf1 Rxh4 38. Rxf7+ Kh6 39. a4 Rh1+ 40. Kb2 Kg6 41. Rf2 Rh8 42. a5 Kg7 43. b4 Kg6 44. Kb3 Rh3+ 45. c3 Rh8 46. b5 Rh5 47. Kb4 Rh4+ 48. c4 Rh8 49. b6 Rh5 50. c5 Rh8 51. b7 Rh4+ 52. Kb5 Rh8 53. a6 1-0

[Event "HUN-chT1 Charousek 2223"]
[Site "Hungary"]
[Date "2022.12.04"]
[Round "2.12"]
[White "Apro, Barnabas"]
[Black "Horvath, Imre1"]
[Result "1-0"]
[WhiteElo "1817"]
[BlackElo "1909"]
[PlyCount "47"]
[EventDate "2022.11.20"]
[EventType "team-tourn"]
[EventRounds "9"]
[EventCountry "HUN"]
[SourceTitle "EXT 2025"]
[Source "ChessBase"]
[SourceDate "2024.10.14"]
[SourceVersion "1"]
[SourceVersionDate "2024.10.14"]
[SourceQuality "1"]
[WhiteTeam "Csuti Hydro"]
[BlackTeam "Szentgotthard Alsoszolnok"]
[WhiteTeamCountry "HUN"]
[BlackTeamCountry "HUN"]

1. e4 e6 2. d4 d5 3. Nc3 c6 4. e5 Ne7 5. f4 Nf5 6. Nf3 a6 7. g4 Nh4 8. Be3 Nxf3+ 9. Qxf3 g6 10. h4 b5 11. Bd3 Qc7 12. h5 Rg8 13. hxg6 hxg6 14. 0-0-0 c5 15. dxc5 Bxc5 16. f5 Bxe3+ 17. Qxe3 Nd7 18. Nxd5 exd5 19. e6 Nf6 20. exf7+ Kxf7 21. fxg6+ Kf8 22. g5 Ne4 23. Rhf1+ Ke8 24. Bxe4 1-0

[Event "HUN-chT2 Szechenyi 2122"]
[Site "Hungary"]
[Date "2021.12.05"]
[Round "3.10"]
[White "Domonkos, Eszter Lilla"]
[Black "Apro, Barnabas"]
[Result "1/2-1/2"]
[WhiteElo "1589"]
[BlackElo "1884"]
[PlyCount "91"]
[EventDate "2021.10.10"]
[EventType "team-tourn"]
[EventRounds "9"]
[EventCountry "HUN"]
[SourceTitle "EXT 2025"]
[Source "ChessBase"]
[SourceDate "2024.10.14"]
[SourceVersion "1"]
[SourceVersionDate "2024.10.14"]
[SourceQuality "1"]
[WhiteTeam "Ezust Huszar"]
[BlackTeam "Csuti Baki Agrocentrum"]
[WhiteTeamCountry "HUN"]
[BlackTeamCountry "HUN"]

1. e4 c5 2. Nf3 d6 3. Nc3 g6 4. b3 Bg7 5. Bb2 Nc6 6. Be2 e6 7. Na4 Bxb2 8. Nxb2 Nf6 9. d3 Qa5+ 10. Qd2 Qxd2+ 11. Nxd2 Nd4 12. Bd1 0-0 13. 0-0 d5 14. Na4 b6 15. Re1 Bd7 16. Nc3 Bc6 17. a4 a6 18. Ne2 Nxe2+ 19. Rxe2 dxe4 20. dxe4 Rfd8 21. c4 Rd4 22. Bc2 Rad8 23. Nf3 R4d7 24. Rae1 Bb7 25. h3 Nh5 26. g3 h6 27. Ne5 Rd2 28. Ng4 Kg7 29. Nh2 Nf6 30. Nf1 Rxe2 31. Rxe2 Rd4 32. Nd2 g5 33. f3 e5 34. Nf1 Ne8 35. Ne3 Nd6 36. Kf2 f6 37. Kg2 Kf7 38. Kf2 b5 39. axb5 axb5 40. cxb5 Rb4 41. Rd2 Ke7 42. Bd1 Rxb5 43. Rc2 Rxb3 44. Rxc5 Rb2+ 45. Rc2 Rxc2+ 46. Bxc2 1/2-1/2